| 000 | 00346nam a22001337a 4500 | ||
|---|---|---|---|
| 020 | _a9789351343042 | ||
| 040 | _cNUST | ||
| 082 | _a005.446 VAN | ||
| 100 |
_aVandom, Nick _9112057 |
||
| 245 |
_aWindows 8; _bIn Easy Steps |
||
| 260 |
_aNew Dehli: _bMc Graw Hill Education, _c2013. |
||
| 650 |
_aWindows 8 In Easy Steps _9112058 |
||
| 942 |
_2ddc _cBK |
||
| 999 |
_c594624 _d594624 |
||